00446nam a2200181Ia 4500003000900000008004100009040001300050040001300063041000800076100002100084245008900105250000900194260002300203260000900226300001100235300001200246490000600258IT-RoPAU120407s9999 xx 000 0 und d aIT-RoPAU cIT-RoPAU aita aGiuseppe Damizia aLineamenti di diritto canonico nel “Registrum Epistolarum” di S. Gregorio Magno. aRoma aAteneo Lateranense c1949 a205 p. c24,5 cm v1